Statistics for Lana Del Rey - Art Deco Lyrics

Click here to take the quiz!

General Stats

  • This quiz has been taken 32 times
  • The average score is 264 of 315

Answer Stats

Answer% Correct
A
100%
Art
100%
Deco
100%
So
100%
so
100%
the
100%
you
100%
You
100%
your
100%
you're
100%
You're
100%
more
96%
on
96%
want
96%
When
96%
win
96%
'Cause
93%
floor
93%
like
93%
Like
93%
out
93%
Shining
93%
to
93%
try
93%
why
93%
(Why?)
93%
ghetto
89%
ignore
89%
say
89%
and
85%
hello
85%
in
85%
me
85%
they
85%
unsure
85%
all
81%
cold
81%
no
81%
them
81%
at
78%
Baby
78%
but
78%
gunmetal
78%
just
78%
looking
78%
score
78%
downtown
74%
hurt
74%
little
74%
never
74%
night
74%
one
74%
scene
74%
be
70%
can't
70%
not
70%
Not
70%
party
70%
queen
70%
that
70%
around
67%
free
63%
seen
63%
that's
63%
That's
63%
what
63%
time
59%
We
59%
born
56%
Born
56%
crazy
56%
delight
56%
friends
56%
it's
56%
lights
56%
mean
56%
Prowling
56%
rapper's
56%
stay
56%
were
56%
Young
56%
alright
52%
Club
52%
Got
52%
Rolling
52%
wild
52%
hang
48%
Put
48%
put
48%
yet
48%
life
44%
line
44%
thing
44%
late
41%
have
37%
things
37%

Score Distribution

Percentile by Number Answered

Percent of People with Each Score

Your Score History

You have not taken this quiz